Overwatch League Season 6 - Statistics

General Stats
  • This quiz has been taken 227 times
    146 since last reset
  • The average score is 84 of 120
Answer Stats
Team Role Answer % Correct
Florida Mayhem Tank SOMEONE
97%
Atlanta Reign Support Chiyo
95%
Atlanta Reign Support Fielder
95%
Dallas Fuel Tank Hanbin
95%
Atlanta Reign Damage Lip
95%
London Spitfire Tank Hadi
94%
San Francisco Shock Damage Proper
94%
Florida Mayhem Support Rupal
94%
Boston Uprising Tank Smurf
94%
Atlanta Reign Tank Hawk
92%
Florida Mayhem Damage MER1T
92%
Houston Outlaws Support Viol2t
90%
Atlanta Reign Damage Stalk3r
89%
Florida Mayhem Damage Checkmate
87%
Houston Outlaws Tank Fearless
87%
Los Angeles Gladiators Damage Kevster
87%
Houston Outlaws Damage Pelican
87%
Los Angeles Valiant Damage Seeker
87%
Hangzhou Spark Damage Shy
87%
London Spitfire Damage SparkR
87%
Florida Mayhem Support CH0R0NG
85%
Boston Uprising Damage Decay
85%
Dallas Fuel Damage Edison
85%
Hangzhou Spark Tank Guxue
85%
Houston Outlaws Support Shu
85%
London Spitfire Support Admiral
84%
Atlanta Reign Tank D0NGHAK
84%
Houston Outlaws Damage Happy
84%
Hangzhou Spark Damage Leave
84%
Seoul Infernal Tank Mag
84%
San Francisco Shock Tank MAX
84%
Dallas Fuel Damage Sp9rk1e
84%
London Spitfire Damage Backbone
82%
Boston Uprising Support Izayaki
82%
San Francisco Shock Tank Junbin
82%
Dallas Fuel Support MCD
82%
Vancouver Titans Damage Heesang
81%
Los Angeles Gladiators Damage Kai
81%
London Spitfire Support Landon
81%
Boston Uprising Support Leejaegon
81%
Vancouver Titans Damage Sugarfree
81%
Boston Uprising Damage Birdring
79%
Seoul Dynasty Damage Profit
79%
Dallas Fuel Support Bliss
77%
Vancouver Titans Tank Punk
77%
Florida Mayhem Damage WhoRU
77%
Toronto Defiant Tank Coluge
76%
Washington Justice Damage AlphaYi
74%
Toronto Defiant Damage Hydron
74%
Hangzhou Spark Support Mmonk
74%
Vegas Eternal Support Rakattack
74%
San Francisco Shock Damage Striker
74%
Boston Uprising Support Twilight
74%
San Francisco Shock Support FiNN
73%
Toronto Defiant Support SirMajed
73%
Toronto Defiant Support Ultraviolet
73%
Atlanta Reign Support Vigilante
73%
Washington Justice Damage Flora
71%
Vegas Eternal Damage KNIFE
71%
San Francisco Shock Support Renko
71%
Los Angeles Gladiators Support FunnyAstro
69%
Boston Uprising Tank Kalios
69%
New York Excelsior Tank Kellen
69%
Seoul Infernal Damage MN3
69%
Los Angeles Gladiators Damage Yaki
69%
Houston Outlaws Tank BERNAR
68%
Los Angeles Valiant Support Cjay
68%
Shanghai Dragons Tank Fate
68%
Guangzhou Charge Damage Jimmy
68%
Hangzhou Spark Support Lengsa
68%
San Francisco Shock Support Lukemino
68%
Los Angeles Gladiators Tank Marve1
68%
Los Angeles Valiant Tank Krawi
66%
Los Angeles Valiant Support Lyar
66%
Seoul Infernal Support Skewed
66%
Seoul Infernal Damage Zest
66%
Guangzhou Charge Damage JinMu
65%
New York Excelsior Damage Shockwave
65%
Seoul Dynasty Tank Void
65%
Seoul Dynasty Tank Belosrea
63%
Los Angeles Gladiators Support Cal
63%
Shanghai Dragons Damage Viper
63%
Vancouver Titans Support Crimzo
61%
New York Excelsior Damage FITS
61%
Seoul Infernal Support Fixa
61%
Vancouver Titans Support Faith
60%
San Francisco Shock Damage Probe
60%
London Spitfire Damage Sauna
60%
New York Excelsior Damage Seicoe
60%
Guangzhou Charge Support Xerneas
60%
Shanghai Dragons Damage Heesu
58%
Los Angeles Gladiators Support Lastro
58%
Washington Justice Tank MirroR
58%
Los Angeles Valiant Damage N2S
58%
Seoul Dynasty Support Vindaim
58%
Washington Justice Tank Benbest
56%
Vegas Eternal Damage Dove
56%
Toronto Defiant Damage Spectra
56%
Guangzhou Charge Tank GA9A
55%
Florida Mayhem Support MAKA
55%
New York Excelsior Support Ojee
53%
New York Excelsior Support Aniyun
52%
New York Excelsior Support Creative
52%
Guangzhou Charge Support Farway1987
52%
Shanghai Dragons Support Gangnamjin
52%
Los Angeles Gladiators Support Babel
50%
Toronto Defiant Support Opener
50%
Hangzhou Spark Support Pineapple
50%
Shanghai Dragons Support Ir1s
48%
Los Angeles Valiant Support Paintbrush
48%
Seoul Infernal Tank Poko
48%
Vegas Eternal Support Irony
47%
Washington Justice Support Teru
47%
Vegas Eternal Tank Toyou
42%
Washington Justice Support D0nghun
40%
Seoul Dynasty Damage Ezhan
37%
Shanghai Dragons Support BeBe
34%
Seoul Infernal Support Hyunjae
29%
Vegas Eternal Damage Finale
27%
Seoul Dynasty Support Krillin
27%
No matching quizzes found
Score Distribution
Percent of People with Each Score
Percentile by Number Answered
Your Score History
You have not taken this quiz since the last reset